Clueless #8 - Statistics

General Stats
  • This quiz has been taken 815 times
    589 since last reset
  • The average score is 40 of 106
Answer Stats
Word % Correct
      I      
98%
      I,      
98%
      a      
97%
     the      
93%
     The      
93%
     was      
87%
      be      
80%
     and      
78%
     And      
78%
      on      
76%
      to      
76%
      To      
76%
      in      
74%
      In      
74%
      no      
72%
    first    
66%
      it      
66%
     one      
66%
     Two      
66%
  Somewhere  
64%
     that     
63%
     not      
62%
     Not      
62%
     them     
62%
     for      
58%
    shall    
56%
    where    
56%
    there    
55%
    having    
53%
     had      
53%
     Had      
53%
     has      
53%
    could    
52%
      if      
52%
    should    
52%
     all      
50%
     by,      
50%
      by      
50%
     Then     
47%
     this     
47%
      as      
46%
   knowing    
43%
     how      
42%
     took     
42%
    Taken    
42%
     day!     
40%
     Road     
39%
     with     
39%
    roads    
39%
    Frost    
36%
     ever     
36%
    Robert    
36%
     less     
33%
     made     
33%
     down     
32%
    wanted    
32%
    travel    
31%
   traveled   
31%
  traveler,  
31%
     come     
29%
     way      
27%
    wood,    
27%
   Because    
26%
    looked    
26%
     far      
26%
     just     
24%
 difference.  
23%
   diverged   
23%
   another    
22%
    back.    
22%
    other,    
22%
    Though    
22%
   telling    
22%
     long     
21%
     Oh,      
20%
    stood    
18%
     both     
16%
     Yet      
16%
    yellow    
16%
    about    
14%
    leads    
13%
    really    
13%
   perhaps    
12%
    black.    
11%
    better    
10%
     lay      
10%
    same,    
10%
   passing    
10%
    sorry    
9%
   doubted    
8%
    fair,    
8%
    leaves    
8%
     step     
8%
 undergrowth; 
8%
   morning    
7%
    grassy    
7%
     bent     
7%
     kept     
7%
     sigh     
7%
     worn     
7%
   trodden    
7%
     ages     
6%
    wear,    
6%
   equally    
5%
    claim    
5%
    hence:    
5%
No matching quizzes found
Score Distribution
Percent of People with Each Score
Percentile by Number Answered
Your Score History
You have not taken this quiz since the last reset